| 000 | 00000nam##2200000za#4500 |
| 001 | 9.571291 |
| 003 | CaOODSP |
| 005 | 20210624182643 |
| 007 | cr ||||||||||| |
| 008 | 150406|1998||||xxc|||||o f|0| 0 eng|d |
| 040 | |aCaOODSP|beng |
| 043 | |an-cn--- |
| 086 | 1 |aTU3-5/98-11E-PDF |
| 110 | 2 |aTransportation Safety Board of Canada. |
| 245 | 10|aImpact with the Ground, Hémisph-Air Services Ltd., Piper PA-34-200T, C-FCYV, Québec/Jean-Lesage International Airport, Quebec, 28 March 1998 |h[electronic resource] |
| 260 | |aGatineau - Quebec : |bTransportation Safety Board of Canada |c[2000]. |
| 300 | |a5p. |
| 490 | 1 |aAviation investigation report |vA98Q0043 |
| 590 | |a12-01-Supp|b2012-01-13 |
| 775 | 08|tCollision avec le sol, Services Hémisph-Air Ltée, Piper PA-34-200T C-FCYV, Aéroport international de Québec/Jean-Lesage (Québec), le 28 mars 1998 |w(CaOODSP)9.601907 |
| 830 | #0|aAviation investigation report ;|vA98Q0043|w(CaOODSP)9.504825 |
| 856 | 40|ahttp://publications.gc.ca|qPDF|s72 KB|uhttps://publications.gc.ca/collections/collection_2011/bst-tsb/TU3-5-98-11-eng.pdf|yA98Q0043 |